[Event "46th GRE-chT Premier 2018"]
[Site "Rio Achaia"]
[Date "2018.07.10"]
[Round "1"]
[White "Pavlidis, Antonios"]
[Black "Gouloutis, Nikolaos"]
[Result "1-0"]
[WhiteElo "2564"]
[BlackElo "2382"]
[Annotator "TA"]
[PlyCount "105"]
[EventDate "2018.07.10"]
[EventType "team-tourn"]
[EventCountry "GRE"]
[SourceTitle "playchess.com"]
[Source "ChessBase"]
[SourceQuality "1"]

{[%evp 12,105,16,23,29,0,0,-17,-10,-17,-31,-20,24,20,36,23,30,26,47,23,0,0,50,50,58,56,68,44,50,35,37,22,25,8,18,8,11,11,11,11,12,11,18,12,19,19,26,18,14,16,54,54,56,36,60,63,101,102,102,103,109,102,103,103,103,97,105,98,105,94,107,98,112,91,100,0,102,98,97,93,106,102,102,100,659,690,836,781,843,835,851,746,2478,1859,29971,29971]} 1. e4 c6 2. d4 d5 3. Nc3 dxe4 4. Nxe4 Bf5 5. Qf3 e6 6. Ne2 {B18: Caro-Kann (Hauptvariante)} Nf6 (6... Bxe4 7. Qxe4 Nf6 8. Qf3 Qb6 9. g3 c5 10. Bg2 Nc6 11. dxc5 Bxc5 12. O-O O-O 13. Bg5 {½-½ (13) Demchenko,A (2629)-Tomashevsky,E (2696) Minsk 2017}) 7. Nxf6+ {LiveBook: 3 Partien} Qxf6 8. c3 {Weiß hat minimalen Vorteil.} (8. Qb3 $5 {[%cal Rb3b7]} b6 9. Bf4 $11) 8... Nd7 9. Qg3 {Und Lg5 würde nun gewinnen.} Qd8 $146 ({Vorgänger:} 9... e5 10. dxe5 Qxe5 11. Qxe5+ Nxe5 12. Nd4 Bd3 13. Be3 Bxf1 14. Kxf1 {0-1 (26) Gitzman,M (1772)-Olsen,F (2049) Batumi 2014}) 10. Nf4 Nf6 11. Bd3 Bg6 12. Nxg6 hxg6 13. Qf3 Qd5 14. Qxd5 exd5 15. f3 Bd6 16. Kf2 O-O-O 17. g3 Bc7 18. Bd2 a6 19. Rae1 (19. a4 {keeps more tension.} Nd7 20. b3 c5 21. h4 c4 22. Bc2) 19... Rde8 20. Rxe8+ (20. Rc1 {is more complex.} Nd7 21. Kg2 c5 22. b3 Kd8 23. Rhe1) 20... Nxe8 21. h4 Nd6 22. g4 Kd7 23. h5 Bd8 24. Bf4 gxh5 25. gxh5 Bf6 26. a4 Ke6 27. Kg2 Kd7 28. Kg3 Ke6 29. Kg4 Be7 30. Be5 Bf6 31. f4 Ne8 32. Re1 Kd7 33. c4 Be7 34. Bf5+ Kd8 35. cxd5 Nf6+ 36. Bxf6 $1 Bxf6 37. dxc6 bxc6 $16 {[%mdl 4096] Endspiel KTL-KTL} 38. Rc1 Bxd4 39. Rxc6 Rh6 40. Rc8+ Ke7 41. b4 Rb6 42. Rc7+ Kf8 43. Rc8+ Ke7 44. Rc4 Bb2 45. a5 {[%cal Ba4a5,Ba5a6][%mdl 32]} Rb8 46. Bd3 Kd6 47. Be4 Kd7 $2 {[%mdl 8192] [#]} (47... Rb5 $16) 48. b5 $1 $18 {[%mdl 512]} axb5 49. Rc2 Ba3 50. a6 f5+ 51. Bxf5+ Kd6 52. Be4 Bc5 {[#]} 53. Rxc5 $1 {[%mdl 512] Precision: Weiß = 61%, Schwarz = 41%.} 1-0

[Event "46th GRE-chT Premier 2018"]
[Site "Rio Achaia"]
[Date "2018.07.10"]
[Round "1"]
[White "Boruchovsky, Avital"]
[Black "Warmerdam, Max"]
[Result "1/2-1/2"]
[WhiteElo "2558"]
[BlackElo "2424"]
[Annotator "ChessBase"]
[PlyCount "126"]
[EventDate "2018.07.10"]
[EventType "team-tourn"]
[EventCountry "GRE"]
[SourceTitle "playchess.com"]
[Source "ChessBase"]
[SourceQuality "1"]
[TimeControl "40/5400+30:1800+30"]

1. Nf3 {[%emt 0:00:00]} Nf6 {[%emt 0:00:00]} 2. c4 {[%emt 0:00:00]} c5 {[%emt 0:00:00]} 3. Nc3 {[%emt 0:00:01]} d5 {[%emt 0:00:00]} 4. cxd5 {[%emt 0:00:05]} Nxd5 {[%emt 0:00:05]} 5. e4 {[%emt 0:00:08]} Nb4 {[%emt 0:00:22]} 6. Bc4 {[%emt 0:00:08]} Nd3+ {[%emt 0:00:32]} 7. Ke2 {[%emt 0:00:04]} Nf4+ {[%emt 0:00:04]} 8. Kf1 {[%emt 0:00:04]} Ne6 {[%emt 0:01:15]} 9. b4 {[%emt 0:00:06]} g6 {[%emt 0:08:27]} 10. bxc5 {[%emt 0:00:35]} Bg7 {[%emt 0:00:06]} 11. Ba3 {[%emt 0:02:16]} O-O {[%emt 0:00:25]} 12. Rb1 {[%emt 0:18:37]} Nc6 {[%emt 0:00:08]} 13. Ne2 {[%emt 0:02:18]} Qa5 {[%emt 0:21:29]} 14. Qc1 {[%emt 0:02:32]} b6 {[%emt 0:13:11]} 15. Bd5 {[%emt 0:31:21]} Ba6 {[%emt 0:02:00]} 16. Bxc6 {[%emt 0:00:18]} Nf4 {[%emt 0:00:08]} 17. Nfg1 {[%emt 0:00:36]} Rac8 {[%emt 0:15:57]} 18. cxb6 {[%emt 0:07:59]} Qg5 {[%emt 0:09:29]} 19. g3 {[%emt 0:02:37]} Nxe2 {[%emt 0:02:20]} 20. Nxe2 {[%emt 0:01:25]} Qg4 {[%emt 0:00:38]} 21. b7 {[%emt 0:05:48]} Bxe2+ {[%emt 0:17:22]} 22. Kg1 {[%emt 0:00:17]} Bd3 {[%emt 0:03:14]} 23. bxc8=Q {[%emt 0:00:49]} Rxc8 {[%emt 0:00:02]} 24. Rb3 {[%emt 0:01:49]} Bxe4 {[%emt 0:01:16]} 25. Bxe4 {[%emt 0:00:37]} Rxc1+ {[%emt 0:00:03]} 26. Bxc1 {[%emt 0:00:06]} Qxe4 {[%emt 0:00:07]} 27. Rb8+ {[%emt 0:00:03]} Bf8 {[%emt 0:00:06]} 28. d3 {[%emt 0:00:03]} Qe1+ {[%emt 0:00:48]} 29. Kg2 {[%emt 0:00:10]} Qe5 {[%emt 0:00:02]} 30. Rb3 {[%emt 0:04:43]} Qd5+ {[%emt 0:03:21]} 31. f3 {[%emt 0:01:04]} a5 {[%emt 0:01:09]} 32. Re1 {[%emt 0:01:44]} a4 {[%emt 0:00:47]} 33. Rb8 {[%emt 0:02:02]} Kg7 {[%emt 0:00:29]} 34. g4 {[%emt 0:03:54]} f6 {[%emt 0:00:51]} 35. Rb2 {[%emt 0:06:40]} Qxd3 {[%emt 0:00:11]} 36. Rd2 {[%emt 0:00:11]} Qc3 {[%emt 0:00:22]} 37. g5 {[%emt 0:00:31]} Qc6 {[%emt 0:00:53]} 38. Bb2 {[%emt 0:00:28]} Kf7 {[%emt 0:00:14]} 39. gxf6 {[%emt 0:00:22]} exf6 {[%emt 0:00:05]} 40. Rc1 {[%emt 0:00:00]} Qb7 {[%emt 0:00:00]} 41. Rdc2 {[%emt 0:02:09]} Bd6 {[%emt 0:03:16]} 42. Rd1 {[%emt 0:07:02]} Be7 {[%emt 0:07:16]} 43. Rd4 {[%emt 0:01:07]} a3 {[%emt 0:00:53]} 44. Bc1 {[%emt 0:00:08]} g5 {[%emt 0:05:15]} 45. Rdc4 {[%emt 0:01:42]} Kg6 {[%emt 0:00:59]} 46. h4 {[%emt 0:02:26]} h6 {[%emt 0:03:23]} 47. Be3 {[%emt 0:00:26]} Bd6 {[%emt 0:08:40]} 48. hxg5 {[%emt 0:09:38]} hxg5 {[%emt 0:00:11]} 49. R4c3 {[%emt 0:01:09]} Qh7 {[%emt 0:00:24]} 50. Bf2 {[%emt 0:01:27]} Qh2+ {[%emt 0:00:35]} 51. Kf1 {[%emt 0:00:06]} Qh1+ {[%emt 0:01:01]} 52. Ke2 {[%emt 0:00:08]} Qg2 {[%emt 0:01:25]} 53. Rc4 {[%emt 0:01:28]} Bg3 {[%emt 0:00:58]} 54. Ke3 {[%emt 0:00:07]} Bf4+ {[%emt 0:01:41]} 55. Ke2 {[%emt 0:00:08]} Bg3 {[%emt 0:00:03]} 56. Ke3 {[%emt 0:00:04]} Bf4+ {[%emt 0:02:51]} 57. Ke2 {[%emt 0:00:06]} f5 {[%emt 0:00:03]} 58. Rxf4 {[%emt 0:04:21]} gxf4 {[%emt 0:00:05]} 59. Rc3 {[%emt 0:00:10]} Qh1 {[%emt 0:00:21]} 60. Rxa3 {[%emt 0:00:09]} Qb1 {[%emt 0:00:32]} 61. Ra6+ {[%emt 0:00:47]} Kg5 {[%emt 0:00:04]} 62. Rb6 {[%emt 0:01:03]} Qxa2+ {[%emt 0:00:21]} 63. Kf1 {[%emt 0:00:07]} Qc4+ {[%emt 0:00:14]} 1/2-1/2

[Event "46th GRE-chT Premier 2018"]
[Site "Rio Achaia"]
[Date "2018.07.10"]
[Round "1"]
[White "Nikolov, Momchil"]
[Black "David, Alberto"]
[Result "1/2-1/2"]
[WhiteElo "2551"]
[BlackElo "2549"]
[Annotator "ChessBase"]
[PlyCount "39"]
[EventDate "2018.07.10"]
[EventType "team-tourn"]
[EventCountry "GRE"]
[SourceTitle "playchess.com"]
[Source "ChessBase"]
[SourceQuality "1"]
[TimeControl "40/5400+30:1800+30"]

1. d4 {[%emt 0:00:00]} Nf6 {[%emt 0:00:00]} 2. c4 {[%emt 0:00:00]} e6 {[%emt 0:00:06]} 3. Nc3 {[%emt 0:00:00]} Bb4 {[%emt 0:00:34]} 4. e3 {[%emt 0:00:03]} O-O {[%emt 0:00:23]} 5. Bd3 {[%emt 0:00:16]} d5 {[%emt 0:04:55]} 6. Nf3 {[%emt 0:00:14]} c5 {[%emt 0:00:37]} 7. O-O {[%emt 0:00:11]} cxd4 {[%emt 0:01:17]} 8. exd4 {[%emt 0:00:14]} dxc4 {[%emt 0:00:53]} 9. Bxc4 {[%emt 0:00:08]} b6 {[%emt 0:02:08]} 10. Bg5 {[%emt 0:02:03]} Bb7 {[%emt 0:02:13]} 11. Rc1 {[%emt 0:02:08]} Bxc3 {[%emt 0:10:51]} 12. Rxc3 {[%emt 0:03:55]} Nbd7 {[%emt 0:00:22]} 13. Qe2 {[%emt 0:10:17]} Qb8 {[%emt 0:04:54]} 14. Bh4 {[%emt 0:27:43]} Qf4 {[%emt 0:10:08]} 15. Bg3 {[%emt 0:07:56]} Qe4 {[%emt 0:02:38]} 16. Re3 {[%emt 0:14:39]} Qc6 {[%emt 0:04:45]} 17. Bb5 {[%emt 0:01:56]} Qd5 {[%emt 0:00:14]} 18. Bc4 {[%emt 0:00:23]} Qc6 {[%emt 0:04:36]} 19. Bb5 {[%emt 0:01:12]} Qd5 {[%emt 0:00:14]} 20. Bc4 {[%emt 0:00:09]} 1/2-1/2

[Event "46th GRE-chT Premier 2018"]
[Site "Rio Achaia"]
[Date "2018.07.10"]
[Round "1"]
[White "Baron, Tal"]
[Black "Tzermiadianos, Andreas"]
[Result "1-0"]
[WhiteElo "2530"]
[BlackElo "2437"]
[Annotator "RC"]
[PlyCount "71"]
[EventDate "2018.07.10"]
[EventType "team-tourn"]
[EventCountry "GRE"]
[SourceTitle "playchess.com"]
[Source "ChessBase"]
[SourceQuality "1"]
[TimeControl "40/5400+30:1800+30"]

1. e4 {[%emt 0:00:00]} d5 {[%emt 0:00:00]} 2. exd5 {[%emt 0:00:00]} Qxd5 {[%emt 0:00:01]} 3. Nc3 {[%emt 0:00:00]} Qa5 {[%emt 0:00:11]} 4. Bc4 {[%emt 0:00:00]} Nf6 {[%emt 0:00:16]} 5. d3 {[%emt 0:00:32]} Bg4 {[%emt 0:00:52]} 6. f3 {[%emt 0:00:26]} Bd7 {[%emt 0:00:09]} 7. Bd2 {[%emt 0:00:36]} Qb6 {[%emt 0:00:44]} 8. Qe2 {[%emt 0:01:08]} e6 {[%emt 0:03:48]} 9. f4 {[%emt 0:04:03]} c5 {[%emt 0:15:40]} 10. f5 {[%emt 0:01:19]} Nc6 {[%emt 0:03:42]} 11. fxe6 {[%emt 0:03:54]} fxe6 {[%emt 0:03:10]} 12. Nf3 {[%emt 0:00:19]} Nd4 {[%emt 0:11:33]} 13. Nxd4 {[%emt 0:01:28]} cxd4 {[%emt 0:00:02]} 14. Ne4 {[%emt 0:01:36]} Bb4 {[%emt 0:17:35]} 15. O-O {[%emt 0:05:43]} Bxd2 {[%emt 0:04:18]} 16. Nxf6+ {[%emt 0:05:10]} gxf6 {[%emt 0:00:02]} 17. Qxd2 {[%emt 0:00:04]} Rf8 {[%emt 0:08:53]} 18. Qh6 {[%emt 0:04:03]} O-O-O {[%emt 0:00:34]} 19. Rxf6 {[%emt 0:00:46]} Rxf6 {[%emt 0:00:23]} 20. Qxf6 {[%emt 0:00:02]} Qxb2 {[%emt 0:00:22]} 21. Re1 {[%emt 0:00:49]} Qxc2 {[%emt 0:04:53]} 22. Qf4 {[%emt 0:06:59]} e5 {[%emt 0:06:16]} 23. Qxe5 {[%emt 0:02:25]} Qd2 {[%emt 0:00:06]} 24. h3 {[%emt 0:02:33]} Re8 {[%emt 0:07:11]} 25. Qc5+ {[%emt 0:00:04]} Kd8 {[%emt 0:00:07]} 26. Rxe8+ {[%emt 0:00:30]} Kxe8 {[%emt 0:00:24]} 27. Qxd4 {[%emt 0:00:36]} h6 {[%emt 0:00:17]} 28. Qe5+ {[%emt 0:04:01]} Kd8 {[%emt 0:00:11]} 29. Qb8+ {[%emt 0:00:30]} Ke7 {[%emt 0:02:31]} 30. Qxb7 {[%emt 0:00:25]} Qe1+ {[%emt 0:01:13]} 31. Kh2 {[%emt 0:00:02]} Qe5+ {[%emt 0:00:06]} 32. g3 {[%emt 0:00:05]} Qe2+ {[%emt 0:01:15]} 33. Qg2 {[%emt 0:00:02]} Qh5 {[%emt 0:00:12]} 34. h4 Kd6 {[%emt 0:00:39]} 35. Qf2 {[%emt 0:02:15]} a5 {[%emt 0:01:39]} 36. d4 {Kd5} 1-0

[Event "46th GRE-chT Premier 2018"]
[Site "Rio Achaia"]
[Date "2018.07.10"]
[Round "1"]
[White "Kelires, Andreas"]
[Black "Lekic, Dusan"]
[Result "1-0"]
[WhiteElo "2530"]
[BlackElo "2356"]
[Annotator "ChessBase"]
[PlyCount "97"]
[EventDate "2018.07.10"]
[EventType "team-tourn"]
[EventCountry "GRE"]
[SourceTitle "playchess.com"]
[Source "ChessBase"]
[SourceQuality "1"]
[TimeControl "40/5400+30:1800+30"]

1. d4 {[%emt 0:00:00]} d5 {[%emt 0:00:00]} 2. c4 {[%emt 0:00:00]} c6 {[%emt 0:00:00]} 3. Nf3 {[%emt 0:00:00]} Nf6 {[%emt 0:00:00]} 4. g3 {[%emt 0:00:00]} dxc4 {[%emt 0:01:41]} 5. Bg2 {[%emt 0:00:25]} b5 {[%emt 0:02:21]} 6. Ne5 {[%emt 0:01:12]} Bb7 {[%emt 0:02:17]} 7. O-O {[%emt 0:00:12]} e6 {[%emt 0:03:01]} 8. b3 {[%emt 0:00:51]} cxb3 {[%emt 0:01:46]} 9. axb3 {[%emt 0:00:05]} Be7 {[%emt 0:01:44]} 10. Bb2 {[%emt 0:07:16]} O-O {[%emt 0:03:42]} 11. Qc2 {[%emt 0:15:43]} Qb6 {[%emt 0:25:02]} 12. Nd2 {[%emt 0:11:19]} Rc8 {[%emt 0:07:07]} 13. Ne4 {[%emt 0:12:34]} Nfd7 {[%emt 0:01:02]} 14. Rfd1 {[%emt 0:20:46]} f5 {[%emt 0:17:36]} 15. Nxd7 {[%emt 0:06:03]} Nxd7 {[%emt 0:00:13]} 16. Nc5 {[%emt 0:00:56]} Nxc5 {[%emt 0:08:48]} 17. dxc5 {[%emt 0:00:04]} Qc7 {[%emt 0:00:55]} 18. e4 {[%emt 0:00:03]} Rf8 {[%emt 0:01:58]} 19. f4 {[%emt 0:01:10]} a5 {[%emt 0:01:35]} 20. Be5 {[%emt 0:00:51]} Qc8 {[%emt 0:00:34]} 21. Bd6 {[%emt 0:03:38]} Bxd6 {[%emt 0:01:03]} 22. Rxd6 {[%emt 0:00:07]} Rd8 {[%emt 0:01:06]} 23. e5 {[%emt 0:04:01]} Rxd6 {[%emt 0:00:35]} 24. exd6 {[%emt 0:00:07]} Qd8 {[%emt 0:01:13]} 25. Re1 {[%emt 0:01:45]} Kf7 {[%emt 0:01:46]} 26. Re5 {[%emt 0:04:13]} a4 {[%emt 0:02:11]} 27. bxa4 {[%emt 0:00:11]} Rxa4 {[%emt 0:00:15]} 28. h4 {[%emt 0:01:41]} Qd7 {[%emt 0:04:54]} 29. h5 {[%emt 0:01:46]} Bc8 {[%emt 0:01:34]} 30. Qb3 {[%emt 0:02:13]} Kf8 {[%emt 0:01:05]} 31. Qf3 {[%emt 0:01:57]} Ra1+ {[%emt 0:01:00]} 32. Kh2 {[%emt 0:02:07]} Qf7 {[%emt 0:00:39]} 33. g4 {[%emt 0:00:50]} fxg4 {[%emt 0:00:40]} 34. Qxg4 {[%emt 0:00:11]} Bd7 {[%emt 0:00:59]} 35. h6 {[%emt 0:01:39]} gxh6 {[%emt 0:02:13]} 36. Qh4 {[%emt 0:00:05]} Kg7 {[%emt 0:04:08]} 37. f5 {[%emt 0:00:12]} Qf6 {[%emt 0:00:42]} 38. Qg3+ {[%emt 0:00:14]} Kf7 {[%emt 0:00:13]} 39. fxe6+ {[%emt 0:00:31]} Bxe6 {[%emt 0:00:14]} 40. Re2 {[%emt 0:00:00]} Ra2 {[%emt 0:00:00]} 41. Rxa2 {[%emt 0:05:26]} Bxa2 {[%emt 0:01:34]} 42. Bxc6 {[%emt 0:00:23]} Qd4 {[%emt 0:05:24]} 43. Qf3+ {[%emt 0:06:10]} Kg7 {[%emt 0:01:04]} 44. Qg2+ {[%emt 0:01:34]} Kf6 {[%emt 0:00:07]} 45. Qf1+ {[%emt 0:06:38]} Kg7 {[%emt 0:01:25]} 46. Qg1+ {[%emt 0:06:27]} Qxg1+ {[%emt 0:00:22]} 47. Kxg1 {[%emt 0:00:03]} Kf6 {[%emt 0:00:12]} 48. Bxb5 {[%emt 0:01:36]} Ke6 {[%emt 0:00:44]} 49. Bc6 {[%emt 0:01:10] Kd5} 1-0

[Event "46th GRE-chT Premier 2018"]
[Site "Rio Achaia"]
[Date "2018.07.10"]
[Round "1"]
[White "Theodorou, Nikolas"]
[Black "Markidis, Konstantinos"]
[Result "1-0"]
[WhiteElo "2513"]
[BlackElo "2329"]
[Annotator "TA"]
[PlyCount "49"]
[EventDate "2018.07.10"]
[EventType "team-tourn"]
[EventCountry "GRE"]
[SourceTitle "playchess.com"]
[Source "ChessBase"]
[SourceQuality "1"]

{[%evp 20,49,-44,-57,-27,-30,0,0,0,0,0,0,0,0,0,0,109,0,0,0,85,0,317,313,572,538,1184,1201,1275,1272,1216,1199]} 1. d4 Nf6 2. c4 e6 3. Nc3 Bb4 4. g3 O-O 5. Bg2 d5 6. Nf3 dxc4 7. O-O Nc6 8. a3 Be7 9. e4 {E20: Nimzo-Indian: 4 g3 and 4 f3} Na5 10. Be3 a6 11. Qc2 {LiveBook: 5 Games. Black is slightly better.} h6 12. Rad1 c6 13. Ne5 $146 ({Predecessor:} 13. h3 Re8 14. g4 Nb3 15. Ne5 Na5 16. f4 Nd7 17. Nf3 Nb3 18. e5 Nb6 19. f5 f6 20. fxe6 Bxe6 21. Bxh6 Bf8 22. Ng5 fxg5 23. Qg6 {1-0 (23) Harikrishna,P (2686)-Bosiocic,M (2571) Banja Vrucica 2009}) 13... Qc7 14. f4 b5 15. g4 c5 16. g5 hxg5 17. fxg5 Nh7 (17... Nd7 $1 $11 {keeps the balance.} 18. Nxd7 Bxd7) 18. g6 (18. Nxf7 $1 $16 {aiming for g6.} Rxf7 19. Rxf7 Kxf7 20. e5) 18... fxg6 $11 19. Nxg6 {e5 is the strong threat.} cxd4 (19... Rxf1+ $1 $11 20. Rxf1 cxd4 21. Bxd4 Nb3) 20. e5 (20. Rxd4 $2 Rxf1+ 21. Kxf1 Bc5 $19) (20. Nxf8 $16 Bxf8 21. Bxd4) 20... d3 $2 {[%mdl 8192] [#]} (20... Rxf1+ $11 21. Rxf1 Bc5 22. Bxa8 dxe3) 21. Nd5 $1 $18 {[%cal Rd5e7][%mdl 512]} Bc5 $2 (21... dxc2 {is a better defense.} 22. Ndxe7+ {[#]} (22. Nxc7 Bg5 $11) 22... Qxe7 $1 {[%mdl 512]} 23. Nxe7+ Kh8 24. Bxa8 cxd1=N 25. Rxd1 Re8) (21... exd5 22. Bxd5+) 22. Qd2 {White is clearly winning.} Qd8 23. Bxc5 Rxf1+ 24. Rxf1 {Threatening mate with Qxa5!} exd5 {[#]} 25. Bxd5+ $1 {[%mdl 512] Precision: White = 74%, Black = 32%.} 1-0

[Event "46th GRE-chT Premier 2018"]
[Site "Rio Achaia"]
[Date "2018.07.10"]
[Round "1"]
[White "Warakomski, Tomasz"]
[Black "Georgiou, Kostantinos"]
[Result "1/2-1/2"]
[WhiteElo "2505"]
[BlackElo "2242"]
[Annotator "TA"]
[PlyCount "139"]
[EventDate "2018.07.10"]
[EventType "team-tourn"]
[EventCountry "GRE"]
[SourceTitle "playchess.com"]
[Source "ChessBase"]
[SourceQuality "1"]

{[%evp 21,139,17,17,-14,0,0,63,67,71,0,0,0,0,0,0,0,3,0,40,0,9,0,22,8,8,16,10,2,52,66,58,62,46,0,0,0,0,0,137,136,151,65,130,39,44,11,6,12,12,-8,3,-19,8,8,8,12,68,68,114,101,110,68,100,100,122,122,122,104,128,122,130,116,174,64,60,8,8,8,8,8,8,8,8,8,8,8,8,8,8,8,8,8,8,0,8,8,8,8,8,8,8,0,8,0,0,0,8,0,8,8,8,0,0,0,8,0,8,0,0,0]} 1. e4 c5 2. Nf3 e6 3. d4 cxd4 4. Nxd4 a6 5. c4 Nf6 6. Nc3 Qc7 7. Bd3 Nc6 8. Nb3 {B41: Sicilian: Kan Variation: 5 c4} (8. Nxc6 dxc6 9. O-O e5 10. Bg5 Be7 11. Qe2 O-O 12. Rac1 b6 13. h3 Re8 14. Rfd1 Bb7 15. a3 h6 16. Be3 Nd7 17. Bb1 Rad8 18. b4 {½-½ (26) Azarov,S (2635)-Gajewski,G (2643) Czechia 2014}) 8... Ne5 9. f4 Nxd3+ 10. Qxd3 d6 11. O-O Be7 {LiveBook: 4 Games} 12. f5 $146 ({Predecessor:} 12. e5 dxe5 13. fxe5 Nd7 14. Bf4 Nxe5 15. Qg3 f6 {0-1 (27) Abramovic,B (2460)-Mijailovic,Z (2335) Nis 1993}) 12... O-O 13. Bf4 e5 ({Black should play} 13... b5 $11 14. cxb5 axb5 15. Nxb5 Qb6+ 16. Be3 Qb7) 14. Bg5 $1 $14 b5 15. cxb5 (15. Bxf6 $1 $16 bxc4 16. Qd5 Qa7+ 17. Kh1) 15... axb5 $11 16. Bxf6 Bxf6 17. Nd5 Qd8 18. Rfd1 Bb7 19. Qxb5 Bxd5 20. Qxd5 Qb6+ 21. Kh1 Ra4 22. Qxd6 Qxd6 23. Rxd6 Rxe4 24. Rd2 Rf4 25. Nc5 Rxf5 26. g3 Be7 27. Ne4 Rf3 28. Rd7 Re3 29. Nc3 Bc5 (29... Ba3 $1 $11) 30. a4 $1 $16 f5 31. a5 (31. Nd5 $1 $16 {Strongly threatening Rc1.} Re4 32. Rc1) 31... f4 $1 $14 32. gxf4 (32. Nd5 $1 $16) 32... exf4 33. Na4 (33. Nd5 $5 {[%cal Ra1c1]} Re4 34. b4 $1 {[%mdl 512]} Bxb4 35. a6 $16) 33... Bb4 34. a6 f3 35. Rf1 Re1 {[%cal Re1f1]} 36. Kg1 Re7 37. Rxe7 Bxe7 $11 {[%mdl 4096] Endgame KRB-KRN} 38. b4 Bxb4 (38... Rf6 $1 $11) 39. Rb1 $1 $14 {[%cal Rb1b4]} Ra8 40. Rxb4 Rxa6 $16 {KRN-KR} 41. Nc3 Ra1+ 42. Rb1 Ra3 {[#]} 43. Ne4 $1 h6 44. Rb2 g5 45. Kf2 Kg7 46. Kg3 Re3 (46... Kg6 $16 47. Rb6+ Kg7) 47. Nd2 (47. Rb7+ $18 Kg6 48. Rb6+ Kh7 49. Nf6+ Kg7 50. Ng4) 47... h5 $14 48. Rb3 (48. Nf1 $14 Ra3 49. Rb5) 48... Rxb3 $1 $11 {The position is equal.} 49. Nxb3 {KN-K3P} g4 50. Nd2 Kg6 51. Kf4 {aiming for Ne4.} Kf6 52. Ne4+ Kg6 $1 53. Nf2 (53. Kg3 $5 {[%cal Rg3f4]} Kf5 54. Nd6+ Kg5 55. Kf2 $11) 53... Kf6 54. Nd3 {Black must now prevent Nf2.} Kg6 $1 55. Ne5+ Kf6 56. Nc4 Kg6 57. Nd2 {And now Ne4 would win.} Kf6 58. Nf1 Kg6 59. Ne3 {Hoping for Nd1.} Kf6 60. Nd1 {Threatens to win with Nf2.} Kg6 $1 61. Nf2 Kf6 62. Ke3 {Kf4 is the strong threat.} Kg5 63. Ne4+ Kf5 64. Nf2 Ke5 65. Nh1 Kf5 66. Ng3+ Kg5 67. Ne4+ Kf5 68. Nd2 Ke5 69. Nxf3+ gxf3 70. Kxf3 {Precision: White = 56%, Black = 57%.} 1/2-1/2

[Event "46th GRE-chT Premier 2018"]
[Site "Rio Achaia"]
[Date "2018.07.10"]
[Round "1"]
[White "Cornette, Deimante"]
[Black "Markantonaki, Haritomeni"]
[Result "1-0"]
[WhiteElo "2470"]
[BlackElo "2152"]
[Annotator "TA"]
[PlyCount "109"]
[EventDate "2018.07.10"]
[EventType "team-tourn"]
[EventCountry "GRE"]
[SourceTitle "playchess.com"]
[Source "ChessBase"]
[SourceQuality "1"]

{[%evp 22,109,23,15,27,35,31,31,30,34,29,29,65,48,54,37,44,8,8,0,0,0,0,0,22,25,35,33,62,75,66,66,77,63,87,74,55,70,60,14,33,14,37,34,122,126,143,141,171,155,166,177,162,111,109,108,111,102,95,104,356,157,342,353,418,423,370,337,402,419,436,417,400,402,367,392,6195,6020,1631,1504,29967,29971,29968,29972,29979,29980,29982,29983,29983,29984]} 1. e4 e5 2. Nf3 Nc6 3. Bb5 {[%cal Bf1b5,Bb5a4,Ba4b3,Bb3a2][%mdl 32]} a6 4. Ba4 Nf6 5. O-O b5 6. Bb3 Bb7 7. d3 Be7 8. Nc3 O-O 9. Re1 d6 10. a3 Na5 {C84: Closed Ruy Lopez: Unusual White 6th moves} (10... Re8 11. Ba2 h6 12. h3 Bf8 13. Be3 Ne7 14. d4 exd4 15. Bxd4 Nc6 16. Be3 Qd7 17. Nd5 Nxd5 18. Bxd5 {0-1 (67) Bacrot,E (2715)-Bu,X (2710) Tbilisi 2017}) 11. Ba2 c5 12. Ne2 {LiveBook: 7 Games} Qc7 $146 {The position is equal.} ({Predecessor:} 12... Bc8 13. Ng3 Be6 14. Bxe6 fxe6 15. b4 Nc6 16. c3 Qd7 17. h3 a5 18. bxc5 dxc5 {1-0 (55) Amonatov,F (2610)-Aloma Vidal,R (2482) Baku 2016}) 13. Ng3 Bc8 14. Nh4 Be6 15. Nhf5 Nc6 {[%cal Ba5c6,Bc6d4,Bd4e6,Be6f4][%mdl 32]} 16. Bg5 Bxf5 17. Nxf5 Nd4 18. Nxe7+ (18. Ne3 {feels hotter.} Ne6 19. Bxf6 Bxf6 20. a4 g6 21. Nd5) 18... Qxe7 19. Re3 h6 20. Bxf6 Qxf6 21. c3 Ne6 22. Qg4 Nf4 23. g3 $36 {[%mdl 2048] White is more active.} Ne6 24. Rf1 Rab8 25. f4 exf4 26. gxf4 b4 27. e5 dxe5 28. fxe5 Qg5 29. Qxg5 hxg5 30. Bc4 bxa3 31. bxa3 {[%cal Bb2a3,Ba3a4][%mdl 32]} a5 32. Ref3 {Rxf7! is the strong threat.} Rb6 ({Better is} 32... Rbe8 $1 $14) 33. a4 $16 Nf4 {[#]} 34. h4 $1 {[%cal Rh4g5][%mdl 512]} Ne6 (34... gxh4 35. Rxf4) 35. hxg5 Nxg5 36. Rf5 Ne6 37. R1f3 (37. Kg2 $18) 37... g6 38. Rf6 Ng5 39. Rg3 (39. Rf2 {is more complex.} Rxf6 40. Rxf6 Kg7 41. Kg2 Ne6 42. Kf2) 39... Rxf6 40. exf6 {[%mdl 4096] Endgame KRB-KRN} Nh7 $2 {[%mdl 8192]} (40... Ne6 $16) 41. Rxg6+ $1 $18 Kh8 42. Rh6 Rg8+ 43. Kf2 Rg6 44. Rh5 Rxf6+ 45. Ke3 Rc6 46. Bd5 Rc7 47. Be4 f6 48. c4 Re7 $2 (48... Kg8 49. Bxh7+ Rxh7 50. Rxc5 Re7+ 51. Kf4 Ra7) 49. Kf4 Kg8 50. Bxh7+ Rxh7 51. Rxh7 {White mates.} Kxh7 {[#]} 52. d4 $1 {[%cal Bd3d4,Bd4d5,Bd5d6][%mdl 544]} Kg6 {[#]} (52... cxd4 53. c5) 53. d5 $1 {[%cal Rd5d6]} Kg7 54. Kf5 Kf7 55. d6 {Precision: White = 86%, Black = 44%.} 1-0